00405nam a2200157Ia 4500003000400000008004100004040001600045082001300061100001900074245004200093260004200135300000800177490002500185650001500210650002200225GCL140319s9999 xx 000 0 eng d aGCL / cGCL04a843bP S1 aPROUST, MARCEL10aSODOME ET GOMORRHE / cPROUST, MARCEL a[S.N] : bLE LIVRE DE POCHE ، c1994 a680 aLE LIVRE DE POCHEv004aLITERATURE04aFRENCH LITERATURE